Huasipungo

Saved in:
書目詳細資料
主要作者: Icaza, Jorge (Author)
格式: 圖書
語言:西班牙语
出版: Buenos Aires Losada 1960
版:2a. ed
主題:
標簽: 添加標簽
沒有標簽, 成為第一個標記此記錄!

MARC

LEADER 00000nam a2200000 a 4500
001 UCQ6836
003 CL-VaPUC
008 981023e19600000AG |||||||||||||||||spa|d
082 0 4 |a Ec863  |b ICA  |2 21 
100 |a Icaza, Jorge  |e author  |9 420772 
245 1 0 |a Huasipungo 
250 |a 2a. ed 
300 |a 198 p 
942 |c BK 
945 |d 19981023 00:00:00  |a crobeson 
260 |a Buenos Aires  |b Losada  |c 1960 
650 7 |a NOVELAS ECUATORIANAS  |2 CL-VaPUC  |9 326824 
650 7 |a LITERATURA ECUATORIANA  |2 CL-VaPUC  |9 419346 
583 |a last modification  |c 19981023 00:00:00  |k Rodrigo Vera 
999 |c 276740  |d 276738 
952 |0 0  |1 0  |4 0  |6 EC_863_000000000000000_ICA_1960  |7 0  |8 A  |9 314184  |a BIBEDU  |b BIBEDU  |d 2019-11-20  |i 1484257  |o Ec863 ICA 1960  |p 1484257  |r 2019-11-20  |w 2019-11-20  |y BK  |k LIT